載入...

Land of charity : a Descriptive account of Travancore and its poeple with special reference to missionary labour /

書目詳細資料
主要作者: Mateer, Samuel
格式: Printed Book
出版: New Delhi : Asian educational services , 1991.
主題:
LEADER 00565cam a2200145ua 4500
999 |c 33789  |d 33789 
020 |a 8120603192 
082 1 4 |a 954.83  |b MAT-L 
100 1 |a Mateer, Samuel . 
245 1 0 |a Land of charity :   |b a Descriptive account of Travancore and its poeple with special reference to missionary labour /  
260 |a New Delhi :   |b Asian educational services ,   |c 1991. 
300 |a 370p. ;  
650 0 |a Travancore hisory  |a MISSIONARY LABOUR 
942 |c BK 
952 |0 0  |1 0  |4 0  |6 954_830000000000000_MATL  |7 0  |9 43255  |a KU  |b KU  |d 2015-07-05  |l 0  |o 954.83 MAT-L  |p AN01097  |r 2015-07-05  |y BK